| 000 | 00510nam a2200169 i 4500 | ||
|---|---|---|---|
| 001 | 95697 | ||
| 003 | ES-MaACL | ||
| 005 | 20230906181745.0 | ||
| 007 | t| | ||
| 008 | 050602s1908 sp ||||1| spa d | ||
| 100 | 1 |
_aLlopis Gálvez, Juan. _972838 |
|
| 245 | 1 | 0 |
_aResumen de geografía general y particular de Europa / _cJuan Llopis Gálvez. |
| 260 |
_aPalma de Mallorca : _bTip. Francisco Soler, _c1908. |
||
| 300 |
_a178 p. ; _c19 cm. |
||
| 651 | 4 |
_aEuropa- _xGeografía. _9137138 |
|
| 852 |
_aES-MaACL _jB-7146 |
||
| 999 |
_c95697 _d95697 |
||